<?xml version="1.0" encoding="UTF-8"?>
<record
    xmlns:xsi="http://www.w3.org/2001/XMLSchema-instance"
    xsi:schemaLocation="http://www.loc.gov/MARC21/slim http://www.loc.gov/standards/marcxml/schema/MARC21slim.xsd"
    xmlns="http://www.loc.gov/MARC21/slim">

  <leader>02519nam a22003377a 4500</leader>
  <controlfield tag="003">OSt</controlfield>
  <controlfield tag="005">20260514100253.0</controlfield>
  <controlfield tag="008">260514b        |||||||| |||| 00| 0 aze d</controlfield>
  <datafield tag="040" ind1=" " ind2=" ">
    <subfield code="a">AZ-XaKU</subfield>
    <subfield code="b">aze</subfield>
    <subfield code="c">AZ-XaKU</subfield>
  </datafield>
  <datafield tag="041" ind1=" " ind2=" ">
    <subfield code="a">aze</subfield>
  </datafield>
  <datafield tag="050" ind1="0" ind2="4">
    <subfield code="a">TK7819 .H8811 2010 v.2</subfield>
  </datafield>
  <datafield tag="100" ind1="1" ind2=" ">
    <subfield code="a">H&#xFC;mb&#x259;tov, R.T</subfield>
    <subfield code="e">m&#xFC;&#x259;llif.</subfield>
  </datafield>
  <datafield tag="245" ind1="1" ind2=" ">
    <subfield code="a">Elektronika 2-ci hiss&#x259;</subfield>
    <subfield code="b">:(Elektron qur&#x11F;ular) </subfield>
    <subfield code="c">/ R.T.H&#xFC;mb&#x259;tov ; r&#x259;y ver&#x259;nl&#x259;r M.B.Namazov, &#x130;.M.&#x130;smay&#x131;lov ; redaktor A.M.&#x18F;liyev</subfield>
  </datafield>
  <datafield tag="250" ind1=" " ind2=" ">
    <subfield code="a">2-ci hiss&#x259;</subfield>
  </datafield>
  <datafield tag="264" ind1=" " ind2=" ">
    <subfield code="a">Bak&#x131;:</subfield>
    <subfield code="b">&lt;&lt;Marif&gt;&gt;,</subfield>
    <subfield code="c">2010.</subfield>
  </datafield>
  <datafield tag="300" ind1=" " ind2=" ">
    <subfield code="a">284 s&#x259;hif&#x259; ;</subfield>
    <subfield code="b">&#x15F;&#x259;killi,</subfield>
    <subfield code="c">20 sm.</subfield>
  </datafield>
  <datafield tag="336" ind1=" " ind2=" ">
    <subfield code="a">text</subfield>
    <subfield code="b">txt</subfield>
    <subfield code="2">rdacontent</subfield>
  </datafield>
  <datafield tag="337" ind1=" " ind2=" ">
    <subfield code="a">unmediated</subfield>
    <subfield code="b">n</subfield>
    <subfield code="2">rdamedia</subfield>
  </datafield>
  <datafield tag="338" ind1=" " ind2=" ">
    <subfield code="a">volume </subfield>
    <subfield code="b">nc</subfield>
    <subfield code="2">rdacarrier</subfield>
  </datafield>
  <datafield tag="504" ind1=" " ind2=" ">
    <subfield code="a">&#x18F;d&#x259;biyyat: s. 287-291</subfield>
  </datafield>
  <datafield tag="505" ind1="0" ind2=" ">
    <subfield code="a">Giri&#x15F; -- Elektron a&#xE7;ar sxeml&#x259;ri -- 2. Elektron m&#x259;ntiq elementl&#x259;ri -- 3. Elektrik siqnallar&#x131;n&#x131; g&#xFC;cl&#x259;ndir&#x259;n qur&#x11F;ular -- 4. Harmonik r&#x259;qs generatorlar&#x131; -- 5. &#x130;mpuls siqnall&#x131; generatorlar -- 6. R&#x259;q&#x259;mli elektron v&#x259; mikroelektron qur&#x11F;ular -- 7. Siqnal formala&#x15F;d&#x131;r&#x131;c&#x131;lar&#x131; v&#x259; analoq-r&#x259;q&#x259;m &#xE7;evirici qur&#x11F;ular -- 8. Elektrik enerjisini &#xE7;evir&#x259;n, t&#x259;nziml&#x259;y&#x259;n v&#x259; stabill&#x259;&#x15F;dir&#x259;n elektron qur&#x11F;ular-ikinci qida m&#x259;nb&#x259;l&#x259;ri.</subfield>
  </datafield>
  <datafield tag="520" ind1=" " ind2=" ">
    <subfield code="a">D&#x259;rs v&#x259;saitind&#x259; yar&#x131;mke&#xE7;irici cihazlarda v&#x259; inteqral mikrosxeml&#x259;rd&#x259; y&#x131;&#x11F;&#x131;lm&#x131;&#x15F;, analoq v&#x259; impuls&#x15F;&#x259;killi siqnallar &#xFC;z&#x259;rind&#x259; m&#xFC;xt&#x259;lif &#xE7;evirm&#x259;l&#x259;r aparan elektron qur&#x11F;ular&#x131;n&#x131;n: a&#xE7;arlar&#x131;n, m&#x259;ntiq elementl&#x259;rinin, g&#xFC;cl&#x259;ndiricil&#x259;rin, generatorlar&#x131;n, say&#x11F;aclar&#x131;n, registrl&#x259;rin, kod &#xE7;eviricil&#x259;rinin, siqnal formala&#x15F;d&#x131;r&#x131;c&#x131;lar&#x131;n&#x131;n, d&#xFC;zl&#x259;ndiricil&#x259;rin, hamarlay&#x131;c&#x131; s&#xFC;zg&#x259;cl&#x259;rin, stabilizatorlar&#x131;n v&#x259; s. t&#x259;snifat&#x131; verilir, onlar&#x131;n prinsipial v&#x259; ekvivalent sxeml&#x259;ri ara&#x15F;d&#x131;r&#x131;l&#x131;r, i&#x15F; prinsipl&#x259;ri &#x15F;&#x259;rh edilir, &#x259;sas parametrl&#x259;ri xarakterik x&#xFC;susiyy&#x259;tl&#x259;ri v&#x259; t&#x259;yinatlar&#x131; haqq&#x131;nda m&#x259;lumat verilir.</subfield>
  </datafield>
  <datafield tag="521" ind1=" " ind2=" ">
    <subfield code="a">V&#x259;sait ali texniki m&#x259;kt&#x259;bl&#x259;rin v&#x259; texnikumlar&#x131;n elektronika, avtomatla&#x15F;d&#x131;rma, telekommunikasiya, radiotexnika, cihazqay&#x131;rma v&#x259; elektroenergetika y&#xF6;n&#xFC;ml&#xFC; ixtisaslar&#x131; &#xFC;zr&#x259; t&#x259;hsil alan t&#x259;l&#x259;b&#x259;l&#x259;ri &#xFC;&#xE7;&#xFC;n n&#x259;z&#x259;rd&#x259; tutulmu&#x15F;dur. V&#x259;saitd&#x259;n h&#x259;m d&#x259; idar&#x259;etm&#x259; v&#x259; elektronika sah&#x259;sind&#x259; &#xE7;al&#x131;&#x15F;an m&#xFC;t&#x259;x&#x259;ssisl&#x259;r d&#x259; faydalana bil&#x259;rl&#x259;r.</subfield>
  </datafield>
  <datafield tag="650" ind1=" " ind2="7">
    <subfield code="a">M&#xFC;h&#x259;ndislik</subfield>
    <subfield code="2">AZ-XaKU</subfield>
  </datafield>
  <datafield tag="655" ind1=" " ind2=" ">
    <subfield code="2">AZ-XaKU</subfield>
    <subfield code="a">D&#x259;rslik</subfield>
  </datafield>
  <datafield tag="700" ind1="1" ind2=" ">
    <subfield code="a">Namazov, M.B,</subfield>
    <subfield code="e">dosent,</subfield>
    <subfield code="q">r&#x259;y&#xE7;i.</subfield>
  </datafield>
  <datafield tag="700" ind1="1" ind2=" ">
    <subfield code="a">&#x130;smay&#x131;l, &#x130;.M,</subfield>
    <subfield code="e">dosent,</subfield>
    <subfield code="q">r&#x259;y&#xE7;i.</subfield>
  </datafield>
  <datafield tag="700" ind1="1" ind2=" ">
    <subfield code="a">&#x18F;liyev, A.M,</subfield>
    <subfield code="e">dosent,</subfield>
    <subfield code="q">redaktor.</subfield>
  </datafield>
  <datafield tag="942" ind1=" " ind2=" ">
    <subfield code="c">BOOK</subfield>
  </datafield>
  <datafield tag="999" ind1=" " ind2=" ">
    <subfield code="c">474</subfield>
    <subfield code="d">474</subfield>
  </datafield>
  <datafield tag="952" ind1=" " ind2=" ">
    <subfield code="0">0</subfield>
    <subfield code="1">0</subfield>
    <subfield code="2">lcc</subfield>
    <subfield code="4">0</subfield>
    <subfield code="7">0</subfield>
    <subfield code="8">GC</subfield>
    <subfield code="a">KU</subfield>
    <subfield code="b">KU</subfield>
    <subfield code="d">2026-05-14</subfield>
    <subfield code="l">0</subfield>
    <subfield code="o">TK7819 .H8811 2010 v.2</subfield>
    <subfield code="p">0000000353</subfield>
    <subfield code="r">2026-05-14 10:03:33</subfield>
    <subfield code="t">1</subfield>
    <subfield code="w">2026-05-14</subfield>
    <subfield code="y">BOOK</subfield>
  </datafield>
  <datafield tag="952" ind1=" " ind2=" ">
    <subfield code="0">0</subfield>
    <subfield code="1">0</subfield>
    <subfield code="2">lcc</subfield>
    <subfield code="4">0</subfield>
    <subfield code="7">0</subfield>
    <subfield code="8">GC</subfield>
    <subfield code="a">KU</subfield>
    <subfield code="b">KU</subfield>
    <subfield code="d">2026-05-14</subfield>
    <subfield code="l">0</subfield>
    <subfield code="o">TK7819 .H8811 2010 v.2 c.2</subfield>
    <subfield code="p">0000000354</subfield>
    <subfield code="r">2026-05-14 10:04:00</subfield>
    <subfield code="t">2</subfield>
    <subfield code="w">2026-05-14</subfield>
    <subfield code="y">BOOK</subfield>
  </datafield>
  <datafield tag="952" ind1=" " ind2=" ">
    <subfield code="0">0</subfield>
    <subfield code="1">0</subfield>
    <subfield code="2">lcc</subfield>
    <subfield code="4">0</subfield>
    <subfield code="7">0</subfield>
    <subfield code="a">KU</subfield>
    <subfield code="b">KU</subfield>
    <subfield code="d">2026-05-14</subfield>
    <subfield code="l">0</subfield>
    <subfield code="o">TK7819 .H8811 2010 v.2 c.3</subfield>
    <subfield code="p">0000000355</subfield>
    <subfield code="r">2026-05-14 10:05:01</subfield>
    <subfield code="t">3</subfield>
    <subfield code="w">2026-05-14</subfield>
    <subfield code="y">BOOK</subfield>
  </datafield>
</record>
